000 00350pab a2200145 454500
008 180718b1990 xxu||||| |||| 00| 0 eng d
100 _aRichter, Alan
245 _aBoard games for managers
260 _c1990
300 _a95-7
362 _aJul.
650 _aTraining - Executives
773 _aTraining and Development Journal
909 _a19880
999 _c19880
_d19880